00370nam a2200133Ia 4500008004100000020001800041082001800059100001900077245007300096250000800169260003400177300001000211650001500221240827s9999 xx 000 0 und d a9788172343118 a954.035bD45M aMahatma Gandhi 0aMahatma Gandhi Autobiography: The Story Of My Experiments With Truth a1st bFingerprint! Publishingc2023 a447p. aSC/ST Cell